000
00293nam a2200109Ia 4500
008
171211s9999 xx 000 0 und d
245
_a
EJB 3.1 Cookbook
245
_c
Richard M. Reese
260
_c
2011
650
_x
IT eBOOKS
856
_u
http://down.ebook777.com/020/EJB%203.1%20Cookbook.pdf
999
_c
349804
_d
349804